Western Europe in the Middle Ages, 300-1475

The book presents the history of the early period from A.D. 300 to A.D. 1475, It describes the feudal politics, feudal welfare, and feudal society, church history, law, political theory, philosophy, art, and literature. All the material has been arraged to bring out more clearly the chronological st...

Descripción completa

Guardado en:
Detalles Bibliográficos
Autor principal: Brian Tierney
Formato: Libro
Lenguaje:Undetermined
Publicado: New York McGraw-Hill 1982
Materias:
Etiquetas: Agregar Etiqueta
Sin Etiquetas, Sea el primero en etiquetar este registro!
Thư viện lưu trữ: Trung tâm Học liệu Trường Đại học Cần Thơ
LEADER 01018nam a2200193Ia 4500
001 CTU_19990
008 210402s9999 xx 000 0 und d
082 |a 940.1 
082 |b T564 
100 |a Brian Tierney 
245 0 |a Western Europe in the Middle Ages, 300-1475 
245 0 |c Brian Tierney, Sidney Painter 
260 |a New York 
260 |b McGraw-Hill 
260 |c 1982 
520 |a The book presents the history of the early period from A.D. 300 to A.D. 1475, It describes the feudal politics, feudal welfare, and feudal society, church history, law, political theory, philosophy, art, and literature. All the material has been arraged to bring out more clearly the chronological structure of medieval history. The central themes is the emergence of a distinctively Western civilization in medieval Europe, and the book gives the clearest possible account of this complex phenomena 
650 |a middle-ages history 
904 |i Minh, 971201 
980 |a Trung tâm Học liệu Trường Đại học Cần Thơ